000 01103nam a2200313 a 4500
999 _c6101
_d6101
001 6101
003 BD-JhCC
005 20180315082017.0
008 880808m19751969mau b 001 0 eng
035 _a(BD-JhCC)6101
040 _aDLC
_cDLC
_dm.c
_dEQO
_dBD-JhCC
041 _aeng
050 0 _aHM251
_b.L486
082 _a302
_bLIN 1975
100 _aLindzey, Gardner
245 0 4 _aThe handbook of social psychology /
_cedited by Gardner Lindzey and Elliot Aronson.
246 3 0 _aHandbook of social psychology
250 _a2nd ed.
260 _aReading, Mass ;
_aLondon :
_bAddison-Wesley,
_c1968-1969.
300 _a5 v. ;
_c24 cm.
_bill. :
500 _aIncludes Illustration
504 _aIncludes bibliographies and indexes.
505 1 _av. 1. Historical Introduction : Systematic Positions - v. 2. Research Methods - v. 3. The Individual in a Social Context - v. 4. Group Psychology and Phonomena of Interaction - v. 5. Applied Social Psychology.
650 0 _aSocial psychology.
700 1 _aLindzey, Gardner.
700 1 _aAronson, Elliot.
942 _2ddc
_cBK